Riverdale test - Statistics

General Stats
  • This quiz has been taken 214 times
  • The average score is 12 of 16
Answer Stats
Question Answer % Correct
what is the name of Jughead's father? Fp Jones
97%
Who is the sheriff's son? Kevin Keller
90%
Where does the gang meet for milkshakes? Pop's
88%
What is the name of the school that they all go to? Riverdale high
88%
What is the name of the boy who was murdered in the first season of riverdale? Jason blossom
86%
What is the name of the villain in season 2? Black Hood
85%
What is the name of the new girl in town? Veronica Lodge
84%
What is the name of the main gang in Riverdale? South Side Serpents
80%
What is the drug that is dealt in the south side? Jingle Jangle
78%
What is the music teacher called? Miss Grundy
78%
What is the name of the school that Jughead gets sent to? South Side High
78%
Why did Polly get sent away? she was pregnant
69%
What is the name of the old Blossom estate? Thornhill
69%
Who fired the fun at Sweet Water River on July 4th? Dilton Doiley
65%
What is the name of Jughead's sister? Jellybean (JB)
56%
Who's mother is a secret serpent? Betty's
52%
No matching quizzes found
Score Distribution
Percent of People with Each Score
Percentile by Number Answered
Your Score History
You have not taken this quiz